Afrobeat artist by picture - Statistics

General Stats
  • This quiz has been taken 171 times
  • The average score is 7 of 13
Answer Stats
Picture Answer % Correct
Wizkid
92%
Davido
89%
Burna Boy
88%
Tems
86%
Tiwa Savage
77%
Yemi Alade
63%
Omah Lay
58%
Teni
50%
Buju
40%
Joeboy
39%
Mr Eazi
29%
Mayorkun
14%
Olakira
3%
No matching quizzes found
Score Distribution
Percent of People with Each Score
Percentile by Number Answered
Your Score History
You have not taken this quiz